000
00296nam a2200121Ia 4500
008
190216s9999||||xx |||||||||||||| ||und||
100
_a
John L Poll And Bernard Crasemann
245
0
_a
Quantum Mechanics
260
_b
Narosa Pubs House
_c
1961
300
_a
508p
650
_a
Physics
942
_c
BK
999
_c
33524
_d
33524